Cases in accounting ethics and professionalism

Bibliographic Details
Main Author: Mintz, Steven M
Format: Book
Published: New York : McGraw-Hill , 1990
Subjects:

MARC

LEADER 00000cam a2200000 7i4500
001 0000004684
002 000005052
005 20000330.0
020 |a 0075571420 
090 0 0 |a 174.9657   |b MIN 
100 1 |a Mintz, Steven M 
245 1 0 |a Cases in accounting ethics and professionalism   |c Steven M.Mintz 
260 |a New York :   |b McGraw-Hill ,   |c 1990 
300 |a 94p. ;   |c 22cm. 
650 0 0 |a Accountants   |x Professional ethics   |z United States   |x Case studies 
999 |a 037434   |b BUKU   |c PINJAMAN   |e PERPUSTAKAAN KOMUNITI PETALING JAYA